000 00563nam a22001817a 4500
003 UA-OsUOA
001 13515
007 ta
008 20030604b un ||||| |||| 00| 0 ukr d
100 _aЮркевич О. О.
942 _cSA
040 _aUA-OsUOA
_cUA-OsUOA
_dUA-OsUOA
245 _aМи садимо ліс і він росте: [Про роботу лісівників Дубенщини]
300 _aС.3
955 _a0
773 0 _w0
_tКур*єр подій
_dДубно
_d2003
_g№15/1 трав./
650 7 _aКраєзнавча робота
_2UDC
999 _c299676
_d299676